Were They in That Movie? Quiz Stats

 Plays Quiz Updated Oct 27, 2016

Support Sporcle.
Go Orange.
Score 0/40 Timer 04:00
1 Play Today
Actor Yes or No % Correct
Ellen DeGeneres???
96.9%
Reese Witherspoon???
94.6%
Tom Cruise???
92.1%
Jim Carrey???
89.7%
Julie Andrews???
87.7%
Javier Bardem???
87.2%
Ben Affleck ???
87%
Sylvester Stallone???
86.4%
Matt Damon???
86.3%
Danny Glover???
86%
Billy Crystal???
85.3%
Anne Hathaway???
85.3%
Audrey Hepburn???
84.8%
Renée Zellweger???
83.9%
Patrick Swayze???
83.5%
Lucy Liu???
82.8%
Al Pacino???
82.4%
Bruce Willis ???
81.7%
Steve Buscemi???
81.3%
Rosamund Pike???
81%
Actor Yes or No % Correct
Scarlett Johansson???
79.8%
Will Smith???
79.2%
Tobey Maguire ???
78%
Emma Stone???
77%
Natalie Portman???
76.9%
Kevin Spacey???
76.1%
Jeremy Irons ???
76.1%
Pierce Brosnan???
76%
Jodie Foster???
75%
Samuel L. Jackson???
75%
Gerard Butler???
73%
Joe Pesci???
63.1%
Ray Liotta???
62.5%
Isla Fisher???
54.9%
Maggie Gyllenhaal???
50.2%
Andrew Garfield???
50%
Frank Oz???
49.8%
Keira Knightley???
31.6%
Megan Fox???
30.9%
Edward Norton ???
28.9%

You're not logged in!

Compare scores with friends on all Sporcle quizzes.
OR
Log In

From the Vault

Foursomes from Sets (TV)

by enough

If you get 100%, you might have to admit that you're a TV addict.
Remove Ads.
Support Sporcle.
Get the best of Sporcle when you Go Orange. This ad-free experience offers more features, more stats, and more fun while also helping to support Sporcle. Thank you for becoming a member.

Show Comments

Extras

Top Quizzes Today


Score Distribution

Your Account Isn't Verified!

In order to create a playlist on Sporcle, you need to verify the email address you used during registration. Go to your Sporcle Settings to finish the process.

Report this User

Report this user for behavior that violates our Community Guidelines.

Details: